000 00978nam a22002537a 4500
005 20170124102946.0
010 _a683998
020 _c6.00
035 _a683998
037 _bCen Lib/Ret
040 _aDPL
_bHN
082 _a821
_bजाजूरा
100 _aजाजू, रामनिवास
_950122
245 _aघटनायों के मध्य मे /
_cरामनिवास जाजू
246 _aGhatnayon ke madht main /
_bby Ramnivas Jaaju
260 _a नयी दिल्ली
_bराजपाल एंड संस
_c1972
270 _bनयी दिल्ली
300 _a111पृ.:
_c19से मी(सजिल्द )
_bसचित्र
650 _aहिंदी साहित्य
_x
_z
_950123
650 _aहिंदी काव्य
_950124
650 _aHindi literature
_950125
650 _aHindi poetry
_950126
942 _2ddc
_cHN
_h821
_mजाजूरा
999 _c112997
_d112997